000 00653nam a22002177a 4500
003 UA-OsUOA
001 50729
007 ta
008 20071123b un ||||| |||| 00| 0 ukr d
100 _aТеличко Р.К.
090 _a330(477)
_bТ-21
942 _cSA
040 _aUA-OsUOA
_bukr
_cUA-OsUOA
_dUA-OsUOA
245 _aФінансове планування на малих та середніх підприємствах
300 _aС.14-17
955 _a0
041 _aukr
080 _a330(477)
773 0 _w50728
_tЕкономіка. Фінанси. Право.
_dК.
_d2007
_g8
650 7 _a330 Економіка взагалі
_2UDC
999 _c336821
_d336821